| 000 | 01047nam a2200301Ia 4500 | ||
|---|---|---|---|
| 001 | dia_4555 | ||
| 003 | CHAP | ||
| 005 | 20240202130533.0 | ||
| 008 | 220117s1987 xx 000 0 und d | ||
| 010 | _a175218 | ||
| 020 | _a2-03-451206-5 | ||
| 040 | _cCHAP | ||
| 082 | _aC 443.6 G37 1987 | ||
| 100 |
_aGarcía-Pelayo y Gross, Ramón _946826 |
||
| 245 |
_aDictionnaire Moderno Français Espagnol / _c Ramón García-Pelayo y Gross y Jean Testas ; colaboración Micheline Durand, Fernándo García-Pelayo y Gross y Jean-Paul Vidal |
||
| 260 |
_aMéxico : _b Larousse, _c1987 |
||
| 300 | _aPaginación variada | ||
| 503 | _aC/e | ||
| 650 |
_aEnciclopedias y diccionarios _936750 |
||
| 700 |
_aDurand, Micheline, colab. _9154608 |
||
| 700 |
_aGarcía-Pelayo y Gross, Fernándo, colab. _9156159 |
||
| 700 |
_aTestas, Jean, coaut. _9154610 |
||
| 700 |
_aVidal, Jean-Paul, colab. _9154611 |
||
| 901 | _aC 443.6 G37 1987 | ||
| 902 | _aA | ||
| 905 | _a0000001987 mx an 0000000000spa00 | ||
| 942 |
_cLIBRO _2ddc |
||
| 999 |
_c175218 _d175218 |
||